书目信息 |
| 题名: |
触摸人类的心灵:茨威格
|
|
| 作者: | 阎嘉 著 | |
| 分册: | ||
| 出版信息: | 成都 四川人民出版社 1997.09 |
|
| 页数: | 309页 | |
| 开本: | 32开 | |
| 丛书名: | ||
| 单 册: | ||
| 中图分类: | K836.215.6 | |
| 科图分类: | ||
| 主题词: | 历史 , 地理 | |
| 电子资源: | ||
| ISBN: | 7-220-03700-7 | |
| 000 | 00578nam0 2200205 45 | |
| 001 | 0008091692 | |
| 005 | 20000809163711.5 | |
| 010 | @a7-220-03700-7@d13.50元 | |
| 100 | @a20000809d1997 km y0chiy0120 ea | |
| 101 | 0 | @achi |
| 105 | @a z 000yy | |
| 200 | 1 | @a触摸人类的心灵:茨威格@AChu Mo Ren Lei De Xin Ling:Ci Wei Ge@f阎嘉 著@FYan Jia Zhu |
| 210 | @a成都@c四川人民出版社@d1997.09 | |
| 215 | @a309页@d32开 | |
| 606 | 0 | @a历史 |
| 606 | 0 | @a地理 |
| 690 | @aK836.215.6@v3 | |
| 701 | 0 | @a阎嘉@4著 |
| 801 | @aCN@bPftUser@c20000809 | |
| 905 | @b101075-079@dK836.215.6@eY.345@f5 | |
| 触摸人类的心灵:茨威格/阎嘉 著.-成都:四川人民出版社,1997.09 |
| 309页;32开 |
| ISBN 7-220-03700-7:13.50元 |
| ● |
| 相关链接 |
|
|
|
正题名:触摸人类的心灵:茨威格
索取号:K836.215.6/Y.345
 
预约/预借
| 序号 | 登录号 | 条形码 | 馆藏地/架位号 | 状态 | 备注 |
| 1 | 101075 | 201010752 | 社科库309/309社科库 2排2列2层/ [索取号:K836.215.6/Y.345] | 在馆 | |
| 2 | 101076 | 201010761 | 社科库309/309社科库 5排4列2层/ [索取号:K836.215.6/Y.345] | 在馆 | |
| 3 | 101077 | 201010770 | 社科库309/309社科库 2排2列2层/ [索取号:K836.215.6/Y.345] | 在馆 | |
| 4 | 101078 | 201010789 | 社科库309/309社科库 5排4列2层/ [索取号:K836.215.6/Y.345] | 在馆 | |
| 5 | 101079 | 201010798 | 社科库309/309社科库 5排4列2层/ [索取号:K836.215.6/Y.345] | 在馆 |